[Event "4NCL/Div4/SCS vs. ANGA2"]
[Site "Sunningdale ENG"]
[Date "2008.03.15"]
[Round "7.3"]
[White "Sathyanandha, Saravanan"]
[Black "Lunn, Timothy"]
[Result "1/2-1/2"]
[WhiteElo "1908"]
[BlackElo "2074"]
[PlyCount "62"]
[EventDate "2008.03.15"]
[EventType "team"]
[EventRounds "11"]
[EventCountry "ENG"]
[SourceDate "2007.09.15"]

1. e4 c5 2. c3 d5 3. exd5 Qxd5 4. d4 Nf6 5. Nf3 Bg4 6. Be2 e6 7. Na3 Nc6 8. Nb5
Qd8 9. dxc5 Bxc5 10. b4 Be7 11. O-O O-O 12. Nbd4 Nxd4 13. Nxd4 Bxe2 14. Qxe2
Rc8 15. Bb2 Qd5 16. Rfe1 Rfd8 17. Rad1 Qc4 18. Kf1 Nd5 19. Qxc4 Rxc4 20. Nf5
Bf6 21. Ne3 Nxe3+ 22. fxe3 g6 23. Rxd8+ Bxd8 24. Rd1 Bf6 25. Ke2 Rc7 26. Kd3 h5
27. Rf1 Kg7 28. Rf2 Rd7+ 29. Ke4 Rc7 30. Kd3 Rd7+ 31. Ke4 Rc7 1/2-1/2

[Event "4NCL/Div4/SCS vs. ANGA2"]
[Site "Sunningdale ENG"]
[Date "2008.03.15"]
[Round "7.4"]
[White "Feavyour, John"]
[Black "Clarke, Sean A"]
[Result "1-0"]
[WhiteElo "2094"]
[BlackElo "1875"]
[PlyCount "159"]
[EventDate "2008.03.15"]
[EventType "team"]
[EventRounds "11"]
[EventCountry "ENG"]
[SourceDate "2007.09.15"]

1. d4 Nf6 2. c4 c5 3. d5 g6 4. Nc3 Bg7 5. e4 d6 6. Be2 O-O 7. f4 Ne8 8. Nf3 Nd7
9. O-O Nb6 10. Qc2 Bg4 11. Be3 Bxf3 12. Rxf3 Nd7 13. Re1 a6 14. Bd3 Rb8 15. a4
Qa5 16. Bd2 Bd4+ 17. Kh1 Qc7 18. Ne2 Bg7 19. Bc3 e5 20. f5 Nef6 21. Ng3 Ng4 22.
h3 Ngf6 23. Bd2 h5 24. Ref1 h4 25. Ne2 Nh7 26. Qc1 Qd8 27. fxg6 fxg6 28. Rxf8+
Ndxf8 29. b4 b6 30. Qe1 Nd7 31. b5 a5 32. Ng1 Qe7 33. Nf3 Bf6 34. g3 g5 35.
gxh4 gxh4 36. Rg1+ Kf7 37. Qf2 Rg8 38. Nxh4 Rxg1+ 39. Kxg1 Ke8 40. Nf5 Qf8 41.
Qg3 Kd8 42. Qg6 Qh8 43. Nxd6 Qg7 44. Qxg7 Bxg7 45. Nf5 Bf6 46. h4 Ndf8 47. Kg2
Ng6 48. Kg3 Ne7 49. Kg4 Ke8 50. Bg5 Kf7 51. Nxe7 Nxg5 52. Nc8 Nh7 53. Nxb6 Bd8
54. Nd7 Nf6+ 55. Nxf6 Kxf6 56. h5 Bc7 57. Be2 Bd6 58. b6 Bb8 59. h6 Kg6 60. h7
Kxh7 61. Kf5 Kg7 62. Ke6 Kf8 63. Kd7 Kf7 64. Bh5+ Kf6 65. Kc8 Bd6 66. b7 Kg5
67. Bf3 Kf4 68. Bh1 Ke3 69. b8=Q Bxb8 70. Kxb8 Kd4 71. d6 Kxc4 72. d7 Kb4 73.
d8=Q Kxa4 74. Qd3 Kb4 75. Qb1+ Kc4 76. Qc2+ Kb4 77. Qb2+ Kc4 78. Bf3 Kd3 79.
Qxe5 c4 80. Qxa5 1-0

[Event "4NCL/Div4/WOB vs. GREN"]
[Site "Sunningdale ENG"]
[Date "2008.03.15"]
[Round "7.1"]
[White "Lewyk, Ihor"]
[Black "Richardt, Mike"]
[Result "1-0"]
[WhiteElo "2146"]
[BlackElo "1938"]
[PlyCount "21"]
[EventDate "2008.03.15"]
[EventType "team"]
[EventRounds "11"]
[EventCountry "ENG"]
[SourceDate "2007.09.15"]

1. Nf3 d5 2. d4 Nc6 3. e3 Bg4 4. c4 e5 5. dxe5 d4 6. Qa4 Bb4+ 7. Bd2 Bxd2+ 8.
Nbxd2 dxe3 9. fxe3 Nge7 10. c5 O-O 11. Qxg4 1-0

[Event "4NCL/Div4/WOB vs. GREN"]
[Site "Sunningdale ENG"]
[Date "2008.03.15"]
[Round "7.2"]
[White "Hibbitt, Arthur M"]
[Black "Archer, Richard"]
[Result "1/2-1/2"]
[WhiteElo "1950"]
[BlackElo "2075"]
[PlyCount "80"]
[EventDate "2008.03.15"]
[EventType "team"]
[EventRounds "11"]
[EventCountry "ENG"]
[SourceDate "2007.09.15"]

1. Nf3 c5 2. g3 d5 3. Bg2 Nc6 4. O-O e5 5. d3 Nf6 6. c4 d4 7. a3 Be7 8. b4 Qc7
9. bxc5 Bxc5 10. Nbd2 O-O 11. Nb3 Be7 12. e3 Rd8 13. exd4 Nxd4 14. Nbxd4 exd4
15. Bf4 Qc5 16. Re1 Bd6 17. Be5 Bxe5 18. Rxe5 Qc7 19. Qb3 Be6 20. Rae1 Nd7 21.
R5e2 Nc5 22. Qc2 Qa5 23. Re5 Qxa3 24. Bf1 h6 25. Rb1 b6 26. Nd2 f6 27. Ree1 Bf5
28. Nb3 Qa4 29. Rb2 Nxb3 30. Rxb3 Re8 31. Reb1 Qd7 32. Bg2 Rac8 33. Rb5 Re5 34.
Qd2 Rce8 35. Rd5 Rxd5 36. Bxd5+ Be6 37. Rb5 Bxd5 38. Rxd5 Qg4 39. Kg2 Re2 40.
Qf4 Qxf4 1/2-1/2

[Event "4NCL/Div4/WOB vs. GREN"]
[Site "Sunningdale ENG"]
[Date "2008.03.15"]
[Round "7.3"]
[White "Zhu, Yao Yao"]
[Black "May, Michael"]
[Result "1/2-1/2"]
[WhiteElo "1997"]
[BlackElo "1875"]
[PlyCount "89"]
[EventDate "2008.03.15"]
[EventType "team"]
[EventRounds "11"]
[EventCountry "ENG"]
[SourceDate "2007.09.15"]

1. e4 e6 2. d4 d5 3. exd5 exd5 4. Bd3 Bd6 5. h3 Be6 6. Nf3 Nf6 7. O-O Nbd7 8.
b3 c6 9. c4 O-O 10. Nc3 Re8 11. Qc2 Rc8 12. c5 Be7 13. Ng5 Nf8 14. Re1 b6 15.
b4 h6 16. Rxe6 fxe6 17. Nf3 Qc7 18. Ne2 bxc5 19. bxc5 N6h7 20. Bf4 Qd8 21. Ng3
Ng5 22. Ne5 Nf7 23. Nh5 Nxe5 24. Bxe5 Bf6 25. Nxf6+ gxf6 26. Bf4 f5 27. Ba6 Qh4
28. Qd2 Rb8 29. Bxh6 Ng6 30. Bg5 Qh7 31. Re1 Kf7 32. Qa5 Kg8 33. Bd3 Qg7 34.
Be3 Rb2 35. Bc1 Rbb8 36. Qc3 Nh4 37. Bf1 Re7 38. Bf4 Rbb7 39. Bg3 Ng6 40. Bd6
Re8 41. Ba6 Rd7 42. Kh1 Kh7 43. Bd3 Qf7 {=} 44. Bc2 Red8 45. Bg3 1/2-1/2

[Event "4NCL/Div4/WOB vs. GREN"]
[Site "Sunningdale ENG"]
[Date "2008.03.15"]
[Round "7.4"]
[White "Muller, Anton"]
[Black "Vaughan, David"]
[Result "1/2-1/2"]
[WhiteElo "1875"]
[BlackElo "2050"]
[PlyCount "34"]
[EventDate "2008.03.15"]
[EventType "team"]
[EventRounds "11"]
[EventCountry "ENG"]
[SourceDate "2007.09.15"]

1. e4 e5 2. Nf3 Nf6 3. Nc3 Bb4 4. Nxe5 Qe7 5. Nf3 Bxc3 6. bxc3 Nxe4 7. Be2 O-O
8. O-O d6 9. Rb1 b6 10. Nd4 c5 11. Nb5 a6 12. Na3 b5 13. Bf3 d5 14. Re1 Qh4 15.
Re2 Nd7 16. Qe1 Ndf6 17. d3 Ng5 1/2-1/2

[Event "4NCL/Div4/WOB vs. GREN"]
[Site "Sunningdale ENG"]
[Date "2008.03.15"]
[Round "7.5"]
[White "Davies, Matthew"]
[Black "Schofield, Oliver"]
[Result "1-0"]
[WhiteElo "1937"]
[BlackElo "1790"]
[PlyCount "80"]
[EventDate "2008.03.15"]
[EventType "team"]
[EventRounds "11"]
[EventCountry "ENG"]
[SourceDate "2007.09.15"]

1. d4 Nf6 2. c4 Nc6 3. Nc3 e5 4. d5 Ne7 5. e4 Ng6 6. a3 a5 7. Be3 d6 8. f3 Be7
9. Nge2 Nh5 10. g3 O-O 11. Nc1 f5 12. exf5 Bxf5 13. g4 Bh4+ 14. Kd2 Bxg4 15.
fxg4 Nhf4 16. N1e2 Qf6 17. Ne4 Qe7 18. N2g3 Bxg3 19. hxg3 Nxd5 20. cxd5 h6 21.
Bd3 Qf7 22. Nc3 Ne7 23. Rf1 Qe8 24. Rxf8+ Qxf8 25. Qf1 Qxf1 26. Rxf1 Rf8 27.
Rxf8+ Kxf8 28. Be4 Kf7 29. Nb5 g5 30. Nxc7 Nc8 31. Bf5 Ne7 32. Bb6 Nxf5 33.
gxf5 h5 34. Bxa5 Kf6 35. Ne8+ Kxf5 36. Nxd6+ Kg4 37. Ne4 h4 38. gxh4 gxh4 39.
Ke2 h3 40. Nf2+ Kg3 1-0

[Event "4NCL/Div4/WOB vs. GREN"]
[Site "Sunningdale ENG"]
[Date "2008.03.15"]
[Round "7.6"]
[White "Jennings, Michael"]
[Black "Griffiths, Hywel"]
[Result "1/2-1/2"]
[WhiteElo "1780"]
[BlackElo "1693"]
[PlyCount "86"]
[EventDate "2008.03.15"]
[EventType "team"]
[EventRounds "11"]
[EventCountry "ENG"]
[SourceDate "2007.09.15"]

1. e4 c5 2. c3 Nc6 3. d4 cxd4 4. cxd4 d6 5. h3 g6 6. Nf3 Bg7 7. Be3 Bd7 8. Nc3
a6 9. Be2 Nf6 10. O-O O-O 11. d5 Ne5 12. Nxe5 dxe5 13. Qd2 Ne8 14. Bh6 Rc8 15.
Bxg7 Nxg7 16. Bf3 Kh8 17. Rac1 f5 18. Rfe1 f4 19. Ne2 Qb6 20. Kf1 g5 21. Ng1 h5
22. Red1 g4 23. hxg4 hxg4 24. Be2 g3 25. Bf3 Bb5+ 26. Ke1 gxf2+ 27. Qxf2 Qa5+
28. Qd2 Qxa2 29. Bg4 Rxc1 30. Rxc1 Qb3 31. Qc3 Qa4 32. Qh3+ Kg8 33. Be6+ Nxe6
34. Qxe6+ Kg7 35. Qxe7+ Rf7 36. Qg5+ Kh7 37. Qh5+ Kg7 38. Qxe5+ Kg6 39. Qe6+
Rf6 40. Qg8+ Kh6 41. Qh8+ Kg6 42. Qg8+ Kh6 43. Qh8+ Kg6 1/2-1/2

[Event "4NCL/Div4/AMCAH vs. HAL"]
[Site "Sunningdale ENG"]
[Date "2008.03.15"]
[Round "7.1"]
[White "Staples, Daniel J"]
[Black "Walker, Nicholas A"]
[Result "0-1"]
[WhiteElo "2045"]
[BlackElo "2090"]
[PlyCount "122"]
[EventDate "2008.03.15"]
[EventType "team"]
[EventRounds "11"]
[EventCountry "ENG"]
[SourceDate "2007.09.15"]

1. e4 c5 2. Na3 Nc6 3. Bb5 g6 4. Bxc6 dxc6 5. c3 Bg7 6. Nf3 Nf6 7. d3 O-O 8.
O-O b6 9. h3 Ba6 10. c4 Qc7 11. Qe2 e5 12. Nc2 Rfd8 13. Nfe1 Nd7 14. a4 Nf8 15.
g3 Bc8 16. Kg2 Qd7 17. Rh1 a5 18. Bg5 f6 19. Be3 Ne6 20. f4 exf4 21. gxf4 Ra7
22. Qf3 Qd6 23. Rd1 Rad7 24. Kf2 Bh6 25. Ng2 Qf8 26. Ke2 Nd4+ 27. Nxd4 cxd4 28.
Bd2 Qc5 29. Rhg1 Rg7 30. h4 Re8 31. Rb1 Qd6 32. Kd1 b5 33. axb5 cxb5 34. cxb5
Qb6 35. b3 Qxb5 36. Ke2 Bb7 37. Kf2 f5 38. Rge1 fxe4 39. dxe4 Rge7 40. h5 Rxe4
41. Qg4 Qxh5 42. Qxh5 gxh5 43. Ra1 Rxe1 44. Rxe1 Rxe1 45. Bxe1 Bd5 46. Bxa5
Bxb3 47. Bb6 Bg7 48. Nh4 Bc2 49. Nf3 d3 50. Ba5 Bf6 51. Be1 Kf7 52. Ke3 Ke6 53.
Bg3 Kf5 54. Nh2 Bc3 55. Nf3 Kg4 56. Bf2 h6 57. Ne5+ Bxe5 58. fxe5 h4 59. e6 h3
60. e7 Ba4 61. Bg1 Kg3 0-1

[Event "4NCL/Div4/AMCAH vs. HAL"]
[Site "Sunningdale ENG"]
[Date "2008.03.15"]
[Round "7.2"]
[White "Brockbank, Henry"]
[Black "Green, George D A"]
[Result "1/2-1/2"]
[WhiteElo "2010"]
[BlackElo "1965"]
[PlyCount "68"]
[EventDate "2008.03.15"]
[EventType "team"]
[EventRounds "11"]
[EventCountry "ENG"]
[SourceDate "2007.09.15"]

1. c4 e5 2. Nc3 f5 3. d4 exd4 4. Qxd4 Nc6 5. Qe3+ Qe7 6. Nd5 Qxe3 7. Bxe3 Kd8
8. O-O-O Nge7 9. Nf3 h6 10. g3 g5 11. Bg2 Bg7 12. h4 g4 13. Nd4 Nxd4 14. Bxd4
Bxd4 15. Rxd4 Nxd5 16. Bxd5 d6 17. Bg2 Ke7 18. e4 Rb8 19. exf5 Bxf5 20. Re1+
Kd7 21. f4 gxf3 22. Bxf3 b6 23. g4 Bg6 24. g5 hxg5 25. hxg5 Rbe8 26. Rxe8 Rxe8
27. Kd2 Re5 28. Rd5 Ke6 29. Rxe5+ dxe5 30. Bg4+ Bf5 31. Bh5 Bb1 32. Bg4+ Bf5
33. Bh5 Bh3 34. Bg6 Bf5 1/2-1/2

[Event "4NCL/Div4/AMCAH vs. HAL"]
[Site "Sunningdale ENG"]
[Date "2008.03.15"]
[Round "7.3"]
[White "Krishnan, Anand"]
[Black "Doran, Michael J"]
[Result "0-1"]
[WhiteElo "1870"]
[BlackElo "1980"]
[PlyCount "90"]
[EventDate "2008.03.15"]
[EventType "team"]
[EventRounds "11"]
[EventCountry "ENG"]
[SourceDate "2007.09.15"]

1. c4 Nf6 2. Nc3 e6 3. g3 Bb4 4. Bg2 O-O 5. Nf3 Bxc3 6. bxc3 d6 7. O-O e5 8.
Ba3 Re8 9. Qc2 Nc6 10. d3 h6 11. e4 Bg4 12. h3 Be6 13. Bc1 Ne7 14. Be3 Qd7 15.
Kh2 g5 16. Ng1 Ng6 17. f4 gxf4 18. gxf4 exf4 19. Bxf4 h5 20. Qe2 Qe7 21. Qf3
Bd7 22. Bg3 Kg7 {=} 23. Ne2 Rh8 24. Kg1 h4 25. Bh2 Rag8 26. Rf2 Ne5 27. Bxe5
dxe5 28. Qe3 Rh6 29. Qxa7 Kh7 30. Kh2 Rhg6 31. Raf1 Bc6 32. Qe3 Rg3 33. Qd2 Qd7
34. Ng1 Rxd3 35. Qe2 Rdg3 36. Kh1 Rxg2 37. Rxg2 Bxe4 38. Rxf6 Bxg2+ 39. Kh2 Rg5
{=} 40. Qe3 Rg7 41. Qxe5 {=} Bc6 42. Rf2 Qd1 43. Qf5+ Kh8 44. Rf1 Rg2+ 45. Kh1
Rf2+ 0-1

[Event "4NCL/Div4/AMCAH vs. HAL"]
[Site "Sunningdale ENG"]
[Date "2008.03.15"]
[Round "7.4"]
[White "Pugh, Glyn D"]
[Black "Davda, Rahil"]
[Result "1-0"]
[WhiteElo "1960"]
[BlackElo "1833"]
[PlyCount "81"]
[EventDate "2008.03.15"]
[EventType "team"]
[EventRounds "11"]
[EventCountry "ENG"]
[SourceDate "2007.09.15"]

1. e4 c5 2. Nc3 Nc6 3. g3 g6 4. Bg2 Bg7 5. d3 e6 6. Be3 d6 7. f4 Nge7 8. Nf3 b6
9. d4 cxd4 10. Nxd4 Bb7 11. Qd2 Na5 12. b3 Rc8 13. Rd1 a6 14. O-O O-O 15. Nce2
d5 16. e5 Nac6 17. Rf2 Nxd4 18. Nxd4 Nc6 19. Nxc6 Bxc6 20. c4 Qc7 21. cxd5 exd5
22. Qb4 d4 23. Rxd4 Bxg2 24. Kxg2 Rfe8 25. Qd6 Bf8 26. Qxc7 Rxc7 27. Rdd2 Rc6
28. Rc2 Rec8 29. Rxc6 Rxc6 30. Kf3 Bb4 31. Ke4 b5 32. g4 Kf8 33. f5 a5 34. Kd5
Rc3 35. Bd4 Rc8 36. fxg6 hxg6 37. e6 Rd8+ 38. Ke4 f5+ 39. gxf5 gxf5+ 40. Rxf5+
Ke8 41. h4 1-0

[Event "4NCL/Div4/AMCAH vs. HAL"]
[Site "Sunningdale ENG"]
[Date "2008.03.15"]
[Round "7.5"]
[White "Periasamymanjula, Mani"]
[Black "Lee, Darren"]
[Result "0-1"]
[WhiteElo "1653"]
[BlackElo "1950"]
[PlyCount "116"]
[EventDate "2008.03.15"]
[EventType "team"]
[EventRounds "11"]
[EventCountry "ENG"]
[SourceDate "2007.09.15"]

1. e4 e5 2. Nf3 Nc6 3. Bb5 a6 4. Ba4 Nf6 5. O-O Be7 6. Re1 b5 7. Bb3 d6 8. c3
O-O 9. d3 Na5 10. Bc2 c5 11. Nbd2 Qc7 12. a3 Rd8 13. b4 Nc6 14. Bb2 h6 15. Nf1
Bg4 16. Ne3 Bxf3 17. gxf3 d5 18. Qe2 d4 19. cxd4 Nxd4 20. Bxd4 cxd4 21. Nf5 Nh5
22. f4 Nxf4 23. Qg4 g6 24. Bb3 h5 25. Qg3 Bf8 26. Rac1 Qxc1 27. Rxc1 Ne2+ 28.
Kf1 Nxg3+ 29. Nxg3 Rac8 30. Rb1 Rc3 31. Ke2 Bh6 32. Nf1 Rdc8 33. Nd2 Bxd2 34.
Kxd2 Kg7 35. h4 R8c7 36. f3 f6 37. a4 bxa4 38. Bxa4 Rb7 39. Rb2 g5 40. hxg5
fxg5 41. Be8 h4 42. Rb1 Kf6 43. Bh5 Rbc7 44. Rh1 R7c6 45. Rb1 h3 46. f4 Rc2+
47. Kd1 gxf4 48. Bf3 Rf2 49. Ke1 Rxf3 50. Ke2 Rg3 51. Rh1 Rc2+ 52. Kd1 Rcg2 53.
Ke1 Rg1+ 54. Rxg1 Rxg1+ 55. Kf2 h2 56. Kf3 h1=Q+ 57. Kf2 Rg2+ 58. Kf3 Qf1# 0-1

[Event "4NCL/Div4/BRI2 vs. GUI5"]
[Site "Sunningdale ENG"]
[Date "2008.03.15"]
[Round "7.1"]
[White "Dilleigh, Stephen P"]
[Black "Smart, Michael R"]
[Result "0-1"]
[WhiteElo "2139"]
[BlackElo "1958"]
[PlyCount "80"]
[EventDate "2008.03.15"]
[EventType "team"]
[EventRounds "11"]
[EventCountry "ENG"]
[SourceDate "2007.09.15"]

1. d4 Nf6 2. c4 c5 3. d5 e6 4. Nc3 exd5 5. cxd5 d6 6. e4 g6 7. Bd3 Bg7 8. h3
O-O 9. Nf3 b6 10. O-O Ba6 11. Re1 c4 12. Bb1 b5 13. a3 Nbd7 14. Be3 Re8 15. Nd4
Nc5 16. Nc6 Qb6 17. f3 Bb7 18. Nd4 a6 19. Bc2 Nxd5 20. Nxd5 Bxd5 21. exd5 Rxe3
22. Rxe3 Nb3 23. Rxb3 cxb3 24. Bxb3 Bxd4+ 25. Kh1 Bxb2 26. Ra2 Be5 27. Qd2 Re8
28. f4 Bxf4 29. Qxf4 Re1+ 30. Kh2 Qg1+ 31. Kg3 Re3+ 32. Kg4 Rxb3 33. Rf2 Qd1+
34. Kg5 Qxd5+ 35. Kf6 Qe6+ 36. Kg5 Re3 37. Qd4 Re5+ 38. Kf4 Qf6+ 39. Kg3 Rg5+
40. Kh2 Qxd4 0-1

[Event "4NCL/Div4/BRI2 vs. GUI5"]
[Site "Sunningdale ENG"]
[Date "2008.03.15"]
[Round "7.2"]
[White "Gibbs, Daniel"]
[Black "Pugh, Derek C"]
[Result "1/2-1/2"]
[WhiteElo "1990"]
[BlackElo "2125"]
[PlyCount "68"]
[EventDate "2008.03.15"]
[EventType "team"]
[EventRounds "11"]
[EventCountry "ENG"]
[SourceDate "2007.09.15"]

1. d4 Nc6 2. Nf3 d5 3. Nbd2 Bg4 4. a3 Qd6 5. c4 e5 6. dxe5 Nxe5 7. Nxe5 Qxe5 8.
cxd5 Nf6 9. f3 Bd7 10. Nc4 {=} Qxd5 11. Qxd5 Nxd5 12. e4 Nb6 13. Nxb6 axb6 14.
Bd2 Bd6 15. Bc3 O-O 16. Be2 Rae8 17. O-O-O Ba4 18. Rd4 Bc6 19. Bb4 Bxb4 20.
Rxb4 f5 21. Bc4+ Kh8 22. exf5 Rxf5 23. Bd3 Rg5 24. Rh4 h6 25. Rg1 Bxf3 26. Rf4
Bxg2 27. h4 {=} Rc5+ 28. Kd2 g5 29. hxg5 hxg5 30. Rg4 Bf3 31. Rxg5 Rxg5 32.
Rxg5 Be4 33. Bxe4 Rxe4 34. Kd3 Re6 1/2-1/2

[Event "4NCL/Div4/BRI2 vs. GUI5"]
[Site "Sunningdale ENG"]
[Date "2008.03.15"]
[Round "7.3"]
[White "Littlejohns, David P"]
[Black "Deswarte, Ian"]
[Result "0-1"]
[WhiteElo "2090"]
[BlackElo "1935"]
[PlyCount "136"]
[EventDate "2008.03.15"]
[EventType "team"]
[EventRounds "11"]
[EventCountry "ENG"]
[SourceDate "2007.09.15"]

1. e4 c5 2. Nc3 Nc6 3. g3 e6 4. Bg2 Nf6 5. d3 h6 6. f4 d5 7. e5 Nd7 8. Nf3 d4
9. Ne4 Nb6 10. O-O Qc7 11. b3 Nd5 12. Bd2 b6 13. Qe2 Bb7 14. a3 O-O-O 15. Rfb1
Kb8 16. Qe1 Nce7 17. Nd6 Nf5 18. Nxf5 exf5 19. Rb2 Be7 20. e6 Bd6 21. exf7 Qxf7
22. Qf2 Rhe8 23. Rbb1 Ne3 24. Bxe3 Rxe3 25. Re1 Rde8 26. Rxe3 Rxe3 27. Re1 Qe6
28. Rxe3 dxe3 29. Qe2 g6 30. Ne1 c4 31. Bxb7 Kxb7 32. dxc4 Bxa3 33. Nd3 Bd6 34.
Qf3+ Kc7 35. Kf1 a5 36. Ke2 a4 37. Qxe3 Qxe3+ 38. Kxe3 a3 39. Nc1 Bc5+ 40. Ke2
Bd4 41. Na2 Kc6 42. c3 Bf6 43. Kd3 g5 44. fxg5 hxg5 45. Ke3 Kc5 46. Kd3 Be5 47.
b4+ Kc6 48. Ke3 b5 49. h4 gxh4 50. gxh4 bxc4 51. h5 Kd6 52. Kf3 Ke6 53. Ke3 Kf6
54. b5 Kg5 55. h6 Kxh6 56. b6 Kg6 57. b7 Kf6 58. Kf3 Ke6 59. Ke3 Kd7 60. b8=Q
Bxb8 61. Kd4 Kd6 62. Kxc4 f4 63. Nc1 f3 64. Kd3 Ba7 65. c4 Ke5 66. Kc3 Ke4 67.
Nb3 Ke3 68. Nc1 f2 0-1

[Event "4NCL/Div4/BRI2 vs. GUI5"]
[Site "Sunningdale ENG"]
[Date "2008.03.15"]
[Round "7.4"]
[White "Williams, Peter A"]
[Black "Bass, John W"]
[Result "0-1"]
[WhiteElo "1852"]
[BlackElo "2086"]
[PlyCount "40"]
[EventDate "2008.03.15"]
[EventType "team"]
[EventRounds "11"]
[EventCountry "ENG"]
[SourceDate "2007.09.15"]

1. d4 d5 2. c4 dxc4 3. Nf3 a6 4. a4 Nf6 5. Nc3 Nc6 6. e3 Bg4 7. Bxc4 e6 8. h3
Bh5 9. O-O Bd6 10. Be2 O-O 11. Ng5 Bxe2 12. Qxe2 e5 13. dxe5 Nxe5 14. Nf3 Re8
15. b3 Qe7 16. Nxe5 Qxe5 17. g3 Qxc3 18. Bb2 Qxb3 19. Bxf6 gxf6 20. Qg4+ Kh8
0-1

[Event "4NCL/Div4/BRI2 vs. GUI5"]
[Site "Sunningdale ENG"]
[Date "2008.03.15"]
[Round "7.5"]
[White "Mayhew, Andrew"]
[Black "Albrecht, Theo"]
[Result "1-0"]
[WhiteElo "2015"]
[BlackElo "1900"]
[PlyCount "39"]
[EventDate "2008.03.15"]
[EventType "team"]
[EventRounds "11"]
[EventCountry "ENG"]
[SourceDate "2007.09.15"]

1. e4 d6 2. d4 Nf6 3. Nc3 Nbd7 4. Nf3 e5 5. Bc4 Be7 6. O-O c6 7. Qe2 b5 8. Bb3
a6 9. Rd1 Qc7 10. a4 b4 11. Nb1 a5 12. dxe5 dxe5 13. Bxf7+ Kxf7 14. Qc4+ Ke8
15. Ng5 Rf8 16. Ne6 Qb7 17. Nxg7+ Kd8 18. Ne6+ Ke8 19. Bh6 Nb6 20. Ng7# 1-0

[Event "4NCL/Div4/BRI2 vs. GUI5"]
[Site "Sunningdale ENG"]
[Date "2008.03.15"]
[Round "7.6"]
[White "Kokossis, Danae"]
[Black "Bromilow, Edward"]
[Result "1-0"]
[WhiteElo "1750"]
[BlackElo "1955"]
[PlyCount "65"]
[EventDate "2008.03.15"]
[EventType "team"]
[EventRounds "11"]
[EventCountry "ENG"]
[SourceDate "2007.09.15"]

1. e4 c6 2. d4 d5 3. Nc3 dxe4 4. Nxe4 Bf5 5. Ng3 Bg6 6. Nf3 Nd7 7. Bd3 e6 8. c3
Qc7 9. Qc2 Ngf6 10. Bd2 Bd6 11. O-O-O O-O-O 12. Ne4 Nxe4 13. Bxe4 Nf6 14. Bxg6
hxg6 15. h3 Rh5 16. c4 c5 17. Rhe1 a6 18. Qa4 cxd4 19. Nxd4 Rc5 20. b3 Bf4 21.
g3 Bxd2+ 22. Rxd2 Ra5 23. Qb4 Nd5 24. Qxa5 Qxa5 25. cxd5 Rxd5 26. Rc2+ Rc5 27.
Ree2 Rxc2+ 28. Rxc2+ Kb8 29. h4 Qe1+ 30. Kb2 Qd1 31. Ne2 e5 32. Nc3 f5 33. Nxd1
1-0

[Event "4NCL/Div4/CONQ2 vs. CELT2"]
[Site "Sunningdale ENG"]
[Date "2008.03.15"]
[Round "7.1"]
[White "Ynojosa, Angelica M"]
[Black "Evans, Craig"]
[Result "1/2-1/2"]
[WhiteElo "1880"]
[BlackElo "2031"]
[PlyCount "20"]
[EventDate "2008.03.15"]
[EventType "team"]
[EventRounds "11"]
[EventCountry "ENG"]
[SourceDate "2007.09.15"]

1. e4 e5 2. Bc4 Nf6 3. d3 c6 4. Nf3 d5 5. Bb3 Bd6 6. Nc3 dxe4 7. Nxe4 Nxe4 8.
dxe4 O-O 9. O-O Bg4 10. h3 Bh5 1/2-1/2

[Event "4NCL/Div4/CONQ2 vs. CELT2"]
[Site "Sunningdale ENG"]
[Date "2008.03.15"]
[Round "7.2"]
[White "Fathallah, Joe"]
[Black "Paul, Barnaby"]
[Result "1/2-1/2"]
[WhiteElo "1970"]
[BlackElo "1670"]
[PlyCount "127"]
[EventDate "2008.03.15"]
[EventType "team"]
[EventRounds "11"]
[EventCountry "ENG"]
[SourceDate "2007.09.15"]

1. d4 d5 2. c4 e6 3. Nc3 Nf6 4. Bg5 Be7 5. e3 O-O 6. Nf3 Nbd7 7. Qc2 h6 8. Bh4
a6 9. Bd3 dxc4 10. Bxc4 b5 11. Bd3 Bb7 12. Rd1 Rc8 13. Ne4 Nxe4 14. Bxe4 Bxe4
15. Qxe4 Bxh4 16. Nxh4 Qe7 17. d5 Nf6 18. Qc2 Nxd5 19. Nf3 Qb4+ 20. Rd2 Nf6 21.
O-O Qe4 22. Rc1 c5 23. Qxe4 Nxe4 24. Rdc2 c4 25. a4 Nd6 26. Rd1 Rfd8 27. Rcd2
Nb7 28. Rxd8+ Rxd8 29. Rxd8+ Nxd8 30. axb5 axb5 31. Nd4 b4 32. Kf1 e5 33. Nf3
Nc6 34. Ke2 Kf8 35. Nd2 Na5 36. f4 Ke7 37. Nf3 Nc6 38. Nd2 exf4 39. Nxc4 fxe3
40. Kxe3 Ke6 41. Kd3 g5 42. g4 f5 43. gxf5+ Kxf5 44. Ne3+ Kf4 45. Ke2 h5 46.
Kf2 Ke4 47. h4 g4 48. Nf1 Nd4 49. Ng3+ Ke5 50. Nxh5 Nf5 51. Ng3 Nxh4 52. Ke2
Ng6 53. Ke3 Ne7 54. Ne2 Nd5+ 55. Kf2 Nf4 56. Nc1 Ke4 57. Kg3 Nd3 58. Nb3 Nxb2
59. Kxg4 Kd3 60. Kf3 Kc3 61. Nc5 Kc4 62. Ne4 Nd3 63. Ke3 Nc5 64. Nxc5 1/2-1/2

[Event "4NCL/Div4/CONQ2 vs. CELT2"]
[Site "Sunningdale ENG"]
[Date "2008.03.15"]
[Round "7.3"]
[White "Foster, Caroline"]
[Black "Wagner, Guy"]
[Result "1/2-1/2"]
[WhiteElo "1560"]
[BlackElo "1818"]
[PlyCount "73"]
[EventDate "2008.03.15"]
[EventType "team"]
[EventRounds "11"]
[EventCountry "ENG"]
[SourceDate "2007.09.15"]

1. d4 e6 2. Nf3 b6 3. e3 Bb7 4. Bd3 f5 5. Nbd2 Nf6 6. O-O Be7 7. Re1 Nc6 8. Nf1
Nb4 9. Be2 O-O 10. c3 Nc6 11. Ng3 Qe8 12. Bd3 Bd6 13. e4 f4 14. Ne2 e5 15. g3
Qh5 16. dxe5 Qxf3 17. exd6 Ng4 18. Rf1 Nce5 19. Nxf4 Rxf4 20. Bxf4 Qxd3 21. h3
Qxe4 22. f3 Nxf3+ 23. Rxf3 Qxf3 24. Qxf3 Bxf3 25. hxg4 cxd6 26. Bxd6 Bxg4 27.
Re1 Be6 28. a3 Rc8 29. Rf1 g6 30. Rf4 h5 31. Rf6 Rc6 32. Bb8 Kg7 33. Be5 Kh7
34. Rf8 g5 35. Ra8 a5 36. Rb8 h4 37. gxh4 1/2-1/2

[Event "4NCL/Div4/LIT1 vs. PPA2"]
[Site "Sunningdale ENG"]
[Date "2008.03.15"]
[Round "7.1"]
[White "Byron, Alan M"]
[Black "Richter, Hans"]
[Result "1-0"]
[WhiteElo "2229"]
[BlackElo "2144"]
[PlyCount "75"]
[EventDate "2008.03.15"]
[EventType "team"]
[EventRounds "11"]
[EventCountry "ENG"]
[SourceDate "2007.09.15"]

1. c4 e6 2. g3 d5 3. Bg2 Nf6 4. Nf3 Be7 5. O-O O-O 6. b3 Nbd7 7. Bb2 b6 8. cxd5
exd5 9. Nd4 Bb7 10. Nf5 Re8 11. Nxe7+ Qxe7 12. Re1 c5 13. d3 Rad8 14. Nd2 Nf8
15. e3 Bc8 16. Rc1 Bf5 17. Nf3 Ng6 18. b4 Nd7 19. bxc5 bxc5 20. Ba3 Qf6 21.
Bxc5 Qa6 22. Nd4 Bxd3 23. Bxd5 Nxc5 24. Rxc5 Be4 25. Qb3 Bxd5 26. Rxd5 Rxd5 27.
Qxd5 Ne5 28. Rb1 g6 29. Rb7 Qf6 30. Rxa7 Nd3 31. Qf3 Qg7 32. Ra8 Qf8 33. Ra7
Qg7 34. Ra8 Qf8 35. Rxe8 Qxe8 36. Qc6 Qe7 37. Qc8+ Kg7 38. Qc3 1-0

[Event "4NCL/Div4/LIT1 vs. PPA2"]
[Site "Sunningdale ENG"]
[Date "2008.03.16"]
[Round "7.2"]
[White "Gibson, Christopher A"]
[Black "Dignam, Matthew"]
[Result "0-1"]
[WhiteElo "2019"]
[BlackElo "2139"]
[PlyCount "70"]
[EventDate "2008.03.15"]
[EventType "team"]
[EventRounds "11"]
[EventCountry "ENG"]
[SourceDate "2007.09.15"]

1. d4 d6 2. c4 e5 3. d5 f5 4. Nc3 Nf6 5. Bg5 Be7 6. Bxf6 Bxf6 7. e4 O-O 8. Bd3
f4 9. Be2 Kh8 10. Bg4 Na6 11. Bxc8 Rxc8 12. Qd2 c6 13. O-O-O cxd5 14. cxd5 Qa5
15. Kb1 Rc4 16. f3 Rfc8 17. Nge2 Bd8 18. Nc1 Nc5 19. g3 b5 20. gxf4 exf4 21.
Qxf4 Bf6 22. Qxd6 Rxc3 23. e5 Rd8 24. Qxd8+ Qxd8 25. bxc3 Bxe5 26. Nd3 Nxd3 27.
Rxd3 h6 28. Re1 Qf6 29. Red1 Bd6 30. Re3 Bxh2 31. Re6 Qxf3 32. Kc2 a5 33. Re8+
Kh7 34. d6 Qg2+ 35. Rd2 Qg6+ 0-1